Heat & mass transfer

Bibliographic Details
Main Author: Kumar, D. S
Format: Book
Published: New Delhi : S.K. Kataria & Sons , 2013
Subjects:

MARC

LEADER 00000cam a2200000 7i4500
001 0000044194
005 20141217.0
008 141217
020 |a 8185749906 
090 0 0 |a 621.4022   |b KUM 
100 1 |a Kumar, D. S 
245 1 0 |a Heat & mass transfer   |c Dr. D. S. Kumar 
260 |a New Delhi :   |b S.K. Kataria & Sons ,   |c 2013 
650 0 |a Heat   |x Transmission 
650 0 |a Mass transfer 
999 |a 0001324008   |b Book   |c Adult Collection   |e Perbadanan Perpustakaan Awam Johor